| 000 | 00550nam a2200205Ia 4500 | ||
|---|---|---|---|
| 003 | OSt | ||
| 005 | 20230606193718.0 | ||
| 008 | 210423s2011 xx 000 0 und d | ||
| 040 | _cAL | ||
| 041 | _aeng | ||
| 082 |
_a306.85 _223 _bGNAW |
||
| 100 |
_aGNANADHAS (E) _9120618 |
||
| 245 | _aWomen in family decision making | ||
| 260 |
_aNew Delhi _bDiscovery Publishing House _c2011 |
||
| 365 |
_b600 _cINR |
||
| 650 |
_aMarriage & Family _9120619 |
||
| 650 |
_aSociology _9120620 |
||
| 906 | _adecision ; family ; making ; Women | ||
| 942 |
_2ddc _cBK |
||
| 999 |
_c175899 _d175899 |
||